| 000 -LEADER |
| fixed length control field |
00802cam a22002294a 4500 |
| 020 ## - INTERNATIONAL STANDARD BOOK NUMBER |
| ISBN |
9789291150038 |
| 020 ## - INTERNATIONAL STANDARD BOOK NUMBER |
| ISBN |
9291150037 |
| 040 ## - CATALOGING SOURCE |
| Transcribing agency |
DLC |
| 082 ## - DEWEY DECIMAL CLASSIFICATION NUMBER |
| Classification number |
333 ICI 2006 C074 Or. |
| 245 10 - TITLE STATEMENT |
| Title |
Capitalisation and sharing of experiences on the interaction between forest policies and land use patterns in Asia : |
| Remainder of title |
linking people with resources / |
| 246 17 - VARYING FORM OF TITLE |
| Title proper/short title |
ICIMOD partnership platforms |
| 260 ## - PUBLICATION, DISTRIBUTION, ETC. (IMPRINT) |
| Place of publication |
Kathmandu : |
| Name of publisher |
International Centre for Integrated Mountain Development, |
| Year of publication |
2006. |
| 300 ## - PHYSICAL DESCRIPTION |
| Number of Pages |
2 v. : |
| Other physical details |
col. ill. ; |
| Dimensions |
26 cm. |
| 650 #0 - SUBJECT ADDED ENTRY--TOPICAL TERM |
| Topical Term |
Community forestry |
| 650 #0 - SUBJECT ADDED ENTRY--TOPICAL TERM |
| Topical Term |
Forest policy |
| 650 #0 - SUBJECT ADDED ENTRY--TOPICAL TERM |
| Topical Term |
Land use |
| 700 0# - ADDED ENTRY--PERSONAL NAME |
| Personal name |
Pema Gyamtsho. |
| 700 1# - ADDED ENTRY--PERSONAL NAME |
| Personal name |
Singh, Bijay Kumar. |
| 700 1# - ADDED ENTRY--PERSONAL NAME |
| Personal name |
Rasul, Golam. |
| 710 2# - ADDED ENTRY--CORPORATE NAME |
| Corporate name or jurisdiction name as entry element |
International Centre for Integrated Mountain Development. |
| 942 ## - ADDED ENTRY ELEMENTS (KOHA) |
| Koha item type |
ADB |
| 952 ## - LOCATION AND ITEM INFORMATION (KOHA) |
| Withdrawn status [LOCAL, KOHA] |
0 |
| 952 ## - LOCATION AND ITEM INFORMATION (KOHA) |
| Withdrawn status [LOCAL, KOHA] |
0 |